<?xml version="1.0" encoding="UTF-8"?><?xml-stylesheet type="text/xsl" href="static/style.xsl"?><OAI-PMH xmlns="http://www.openarchives.org/OAI/2.0/" xmlns:xsi="http://www.w3.org/2001/XMLSchema-instance" xsi:schemaLocation="http://www.openarchives.org/OAI/2.0/ http://www.openarchives.org/OAI/2.0/OAI-PMH.xsd"><responseDate>2026-04-27T01:59:19Z</responseDate><request verb="GetRecord" identifier="oai:repisalud.isciii.es:20.500.12105/5295" metadataPrefix="marc">https://repisalud.isciii.es/rest/oai/request</request><GetRecord><record><header><identifier>oai:repisalud.isciii.es:20.500.12105/5295</identifier><datestamp>2025-02-27T12:41:38Z</datestamp><setSpec>com_20.500.12105_2203</setSpec><setSpec>com_20.500.12105_2202</setSpec><setSpec>col_20.500.12105_19585</setSpec></header><metadata><record xmlns="http://www.loc.gov/MARC21/slim" xmlns:dcterms="http://purl.org/dc/terms/" xmlns:doc="http://www.lyncode.com/xoai" xmlns:xsi="http://www.w3.org/2001/XMLSchema-instance" xsi:schemaLocation="http://www.loc.gov/MARC21/slim http://www.loc.gov/standards/marcxml/schema/MARC21slim.xsd">
   <leader>00925njm 22002777a 4500</leader>
   <datafield ind2=" " ind1=" " tag="042">
      <subfield code="a">dc</subfield>
   </datafield>
   <datafield ind2=" " ind1=" " tag="720">
      <subfield code="a">Instituto de Salud Carlos III. Gabinete de prensa</subfield>
      <subfield code="e">author</subfield>
   </datafield>
   <datafield ind2=" " ind1=" " tag="260">
      <subfield code="c">2007-01-15</subfield>
   </datafield>
   <datafield ind2=" " ind1=" " tag="520">
      <subfield code="a">Nota de prensa sobre los ingresos hospitalarios con  enfermedades hepáticas y digestivas . El 60% de la población consume alcohol habitualmente y el 4% de la misma lo hace de manera excesiva. 49 grupos de investigación, 8 de ellos recién incorporados, integran el Centro de Investigación Biomédica en Red de Enfermedades Hepáticas y Digestivas Investigadores de Andalucía, Aragón, Cataluña, Castilla-León, Comunidad Valencia, Madrid, Murcia, Navarra y País Vasco están integrados en este CIBER. El presupuesto de este CIBER, uno de los nueve puestos en marcha por el Ministerio de Sanidad y Consumo, para el próximo año se incrementa más del 43%, situándose en 7,2 millones de euros.</subfield>
   </datafield>
   <datafield ind1="8" ind2=" " tag="024">
      <subfield code="a">http://hdl.handle.net/20.500.12105/5295</subfield>
   </datafield>
   <datafield ind2="0" ind1="0" tag="245">
      <subfield code="a">Las enfermedades hepáticas y digestivas representan el 20% de los ingresos hospitalarios</subfield>
   </datafield>
</record></metadata></record></GetRecord></OAI-PMH>